00398nam a2200145Ia 4500008004100000020001800041041000800059082001500067100001700082245004900099250000600148260006400154300001400218650002000232210716s2010 xx 000 0 und d a9780070682016 aeng a174.4 MANS aMandal, S K. aEthics in business and corporate governance. a1 aNew DelhibTata McGraw Hill Education Private Limitedc2010 axviii,369 aBusiness Ethics